| 000 -CABECERA |
| Longitud fija campo de control |
00464nam a2200157 a 4500 |
| 001 - NÚMERO DE CONTROL |
| Número de control |
1298 |
| 003 - IDENTIFICADOR DEL NÚMERO DE CONTROL |
| Identificador del número de control |
CDMR |
| 005 - FECHA Y HORA DE LA ÚLTIMA TRANSACCIÓN |
| Fecha y hora de la última transacción |
20130509171051.0 |
| 008 - CÓDIGOS DE INFORMACIÓN DE LONGITUD FIJA |
| Códigos de información de longitud fija |
130130s2007||||||||||||||||||||||||||||d |
| 040 ## - FUENTE DE LA CATALOGACIÓN |
| Centro catalogador de origen |
CDMR |
| Lengua de catalogación |
cat |
| Centro transcriptor |
CDMR |
| 100 1# - PUNTO DE ACCESO PRINCIPAL-NOMBRE DE PERSONA |
| Nombre de persona |
Tavera, Susanna |
| 9 (RLIN) |
1014 |
| 245 10 - MENCIÓN DE TÍTULO |
| Título |
Fons La revista Blanca |
| Resto del título |
: Federica Montseny i la dona nova (1923-1931) |
| 260 ## - PUBLICACIÓN, DISTRIBUCIÓN, ETC. (PIE DE IMPRENTA) |
| Lugar de publicación, distribución, etc. |
Barcelona |
| Fecha de publicación, distribución, etc. |
2007 |
| Nombre del editor, distribuidor, etc. |
Centre d'Estudis Històrics Internacionals |
| 610 2# - PUNTO DE ACCESO ADICIONAL DE MATERIA - NOMBRE DE ENTIDAD CORPORATIVA |
| 9 (RLIN) |
3374 |
| Nombre de entidad corporativa o nombre de jurisdicción como elemento inicial |
Revista Blanca |
| 942 ## - ENTRADA DE ELEMENTOS AGREGADOS (KOHA) |
| Koha [por defecto] tipo de item |
Monografies |
| Fuente de clasificaión o esquema |
|